[Event "PRO League KO Stage 2019"]
[Site "chess.com INT"]
[Date "2019.03.19"]
[Round "1"]
[White "Bloomer, Josh"]
[Black "Rohde, Michael"]
[Result "0-1"]
[BlackTitle "GM"]
[WhiteElo "1950"]
[BlackElo "2358"]
[WhiteTeam "Saint Louis Arch Bishops"]
[BlackTeam "Montclair Sopranos"]
[WhiteFideId "2020416"]
[BlackFideId "2000172"]
[EventDate "2019.03.19"]

1. e4 c5 2. Nf3 e6 3. b3 b6 4. Bd3 Bb7 5. O-O a6 6. Bb2 d6 7. a4 Nd7 8. Na3 Ngf6
9. Nc4 Be7 10. e5 dxe5 11. Nfxe5 Nxe5 12. Nxe5 Qd5 13. f3 O-O 14. Qe1 Qd6 15.
Qh4 h6 16. Rae1 Nd5 17. Qe4 f5 18. Qc4 Bf6 19. f4 a5 20. Ba3 Qc7 21. b4 axb4 22.
Bb2 Ba6 23. Qa2 Bxd3 24. Nxd3 c4 25. Ne5 b5 26. a5 Rxa5 27. Qb1 Kh7 28. g3 c3
29. dxc3 bxc3 30. Bc1 b4 31. Qb3 Ra1 32. Kg2 Rfa8 33. Nf3 Qc6 34. Kg1 Rc8 35.
Re2 Qa4 36. Qxa4 Rxa4 37. Rxe6 Ra2 38. Re2 b3 39. Ne5 b2 40. Be3 Ra1 41. Ree1
Rxe1 42. Rxe1 Nxe3 0-1

[Event "PRO League KO Stage 2019"]
[Site "chess.com INT"]
[Date "2019.03.19"]
[Round "1"]
[White "Robson, Ray"]
[Black "Khamrakulov, Djurabek"]
[Result "1-0"]
[WhiteTitle "GM"]
[BlackTitle "GM"]
[WhiteElo "2667"]
[BlackElo "2494"]
[WhiteTeam "Webster Windmills"]
[BlackTeam "New York Marshalls"]
[WhiteFideId "2023970"]
[BlackFideId "14201143"]
[EventDate "2019.03.19"]

1. e4 c6 2. d4 d5 3. e5 Bf5 4. Nf3 e6 5. Be2 Nd7 6. c3 h6 7. a4 Ne7 8. a5 Qc7 9.
O-O g5 10. b4 a6 11. Bd3 Bg7 12. Re1 O-O-O 13. Na3 f6 14. exf6 Bxf6 15. Bxf5
exf5 16. g3 Rdg8 17. Ra2 Rh7 18. Rae2 h5 19. Qd3 h4 20. Nc2 hxg3 21. fxg3 g4 22.
Ne5 Nxe5 23. dxe5 Bg5 24. Nd4 Bxc1 25. Nxf5 Nxf5 26. Qxf5+ Kd8 27. Rxc1 Rf7 28.
Qd3 Ke7 29. e6 Rfg7 30. Rf1 Rf8 31. Rxf8 Kxf8 32. Qf5+ Ke8 33. Qh5+ Ke7 34. Qh4+
Kd6 35. e7 1-0

[Event "PRO League KO Stage 2019"]
[Site "chess.com INT"]
[Date "2019.03.19"]
[Round "1"]
[White "Shimanov, Aleksandr"]
[Black "Jacobson, Aaron"]
[Result "1-0"]
[WhiteTitle "GM"]
[BlackTitle "FM"]
[WhiteElo "2613"]
[BlackElo "2318"]
[WhiteTeam "Webster Windmills"]
[BlackTeam "New York Marshalls"]
[WhiteFideId "4198603"]
[BlackFideId "2089912"]
[EventDate "2019.03.19"]

1. Nf3 Nf6 2. c4 e6 3. g3 d5 4. Bg2 Be7 5. d4 O-O 6. Nc3 dxc4 7. Ne5 Qd6 8. O-O
Qa6 9. a4 Bd7 10. Bg5 Rd8 11. e3 Bc6 12. e4 Be8 13. Ng4 Nc6 14. Bxf6 Bxf6 15.
Nxf6+ gxf6 16. Qg4+ Kf8 17. Qf4 Qb6 18. d5 Nd4 19. Qxf6 exd5 20. Qh8+ Ke7 21.
Nxd5+ Rxd5 22. exd5 Kd6 23. a5 Qc5 24. Qf6+ Kd7 25. Bh3+ 1-0

[Event "PRO League KO Stage 2019"]
[Site "chess.com INT"]
[Date "2019.03.19"]
[Round "1"]
[White "Moranda, Wojciech"]
[Black "Nyzhnyk, Illya"]
[Result "0-1"]
[WhiteTitle "GM"]
[BlackTitle "GM"]
[WhiteElo "2595"]
[BlackElo "2638"]
[WhiteTeam "New York Marshalls"]
[BlackTeam "Webster Windmills"]
[WhiteFideId "1122401"]
[BlackFideId "14118084"]
[EventDate "2019.03.19"]

1. d4 Nf6 2. c4 g6 3. Nc3 Bg7 4. e4 d6 5. Nf3 O-O 6. Be2 e5 7. Be3 c6 8. d5 a5
9. Nd2 Na6 10. O-O Bd7 11. a3 Qc7 12. Kh1 Rfb8 13. Rb1 cxd5 14. Nxd5 Nxd5 15.
cxd5 a4 16. Rc1 Nc5 17. Nc4 b6 18. f4 Re8 19. f5 Bf8 20. Qe1 b5 21. Nd2 Qd8 22.
Qf2 Kh8 23. Rc3 Rc8 24. f6 Rb8 25. Qh4 b4 26. axb4 Rxb4 27. Nc4 Nb7 28. g4 Rb3
29. Rxb3 axb3 30. Rf3 Qc8 31. Bh6 Bxg4 32. Bg7+ Bxg7 33. fxg7+ Kg8 34. Nb6 Bxf3+
35. Bxf3 Qc1+ 36. Kg2 Qxb2+ 37. Kg3 Qd2 38. Nd7 Qe1+ 39. Kh3 Qxh4+ 40. Kxh4 Kxg7 0-1

[Event "PRO League KO Stage 2019"]
[Site "chess.com INT"]
[Date "2019.03.19"]
[Round "1"]
[White "Azarov, Sergei"]
[Black "Grabinsky, Joshua"]
[Result "1-0"]
[WhiteTitle "GM"]
[BlackTitle "CM"]
[WhiteElo "2585"]
[BlackElo "2078"]
[WhiteTeam "New York Marshalls"]
[BlackTeam "Webster Windmills"]
[WhiteFideId "13501470"]
[BlackFideId "30919754"]
[EventDate "2019.03.19"]

1. e4 e6 2. d4 d5 3. Nd2 dxe4 4. Nxe4 Nd7 5. Nf3 Ngf6 6. Nxf6+ Nxf6 7. Be3 Be7
8. Bd3 O-O 9. Qe2 b6 10. O-O-O Bb7 11. Ne5 Be4 12. Bxe4 Nxe4 13. Qf3 Nf6 14. c4
Qc8 15. g4 c5 16. Nc6 Re8 17. dxc5 Bxc5 18. Bxc5 bxc5 19. Rd8 Qa6 20. Rxa8 Rxa8
21. Ne7+ Kf8 22. Qxa8+ Kxe7 23. Kb1 Nxg4 24. Rd1 Qb6 25. Qg2 Nf6 26. Qxg7 Qb7
27. Qg3 Ne8 28. Qg5+ f6 29. Qxc5+ Kf7 30. Qd4 Qf3 31. Qxa7+ Kf8 32. Qa3+ Qxa3
33. bxa3 Ke7 34. a4 Nd6 35. a5 Nxc4 36. a6 e5 37. a7 Nb6 38. Kc2 Na8 39. Rb1 Kd7
40. Rb8 Nc7 41. Rb7 1-0

[Event "PRO League KO Stage 2019"]
[Site "chess.com INT"]
[Date "2019.03.19"]
[Round "1"]
[White "Azarov, Sergei"]
[Black "Robson, Ray"]
[Result "1/2-1/2"]
[WhiteTitle "GM"]
[BlackTitle "GM"]
[WhiteElo "2585"]
[BlackElo "2667"]
[WhiteTeam "New York Marshalls"]
[BlackTeam "Webster Windmills"]
[WhiteFideId "13501470"]
[BlackFideId "2023970"]
[EventDate "2019.03.19"]

1. e4 e5 2. Nf3 Nc6 3. Bb5 a6 4. Ba4 Nf6 5. O-O Nxe4 6. d4 b5 7. Bb3 d5 8. dxe5
Be6 9. Nbd2 Nc5 10. c3 Be7 11. Bc2 d4 12. cxd4 Nxd4 13. Nxd4 Qxd4 14. Nf3 Qxd1
15. Rxd1 O-O 16. Be3 Rfd8 17. Nd4 Bd5 18. Rac1 Ne6 19. Nf5 Bf8 20. Bb1 Bb7 21.
f4 g6 22. Ng3 Bh6 23. Rf1 c5 24. Ne4 Bxe4 25. Bxe4 Rac8 26. g3 Bf8 27. Rfd1 c4
28. Kf2 Nc5 29. Bxc5 Bxc5+ 30. Kf3 1/2-1/2

[Event "PRO League KO Stage 2019"]
[Site "chess.com INT"]
[Date "2019.03.19"]
[Round "1"]
[White "Moranda, Wojciech"]
[Black "Shimanov, Aleksandr"]
[Result "0-1"]
[WhiteTitle "GM"]
[BlackTitle "GM"]
[WhiteElo "2595"]
[BlackElo "2613"]
[WhiteTeam "New York Marshalls"]
[BlackTeam "Webster Windmills"]
[WhiteFideId "1122401"]
[BlackFideId "4198603"]
[EventDate "2019.03.19"]

1. d4 Nf6 2. c4 e6 3. Nf3 d5 4. Nc3 dxc4 5. Qa4+ c6 6. Qxc4 b5 7. Qd3 a6 8. Bg5
c5 9. a4 cxd4 10. Nxd4 b4 11. Bxf6 Qxf6 12. Ne4 Qe5 13. g3 Be7 14. Bg2 Ra7 15.
O-O O-O 16. Nf3 Qa5 17. Rfc1 Rc7 18. Rxc7 Qxc7 19. Qe3 Bb7 20. Rc1 Qa5 21. b3
Bd5 22. Nfd2 Nd7 23. Nc4 Qd8 24. h4 Qa8 25. Bf3 Rc8 26. Rd1 Qb8 27. Ng5 Bc5 28.
Qd2 Nf6 29. Bxd5 exd5 30. Ne3 h6 31. Nf3 Re8 32. Nd4 Qe5 33. Nec2 Ne4 34. Qf4
Qxf4 35. gxf4 Nc3 36. Rd2 Ne4 37. Rd3 Nc3 38. e3 Rc8 39. Kg2 Kf8 40. Nf5 h5 41.
Ncd4 g6 42. Ng3 Be7 43. Nf3 Bf6 44. f5 Ke7 45. fxg6 fxg6 46. Ne2 Nxe2 47. Rxd5
Nc3 48. Ra5 Rc6 49. Nd2 Bxh4 50. f4 Bf6 51. e4 Bd4 52. Kf3 h4 53. Kg4 Be3 54.
Nf3 Nxe4 55. Ne5 Re6 56. Kf3 Bb6 57. Rd5 Nf6 58. Rd1 g5 59. Ng6+ Kf7 60. Ne5+
Kg7 61. Nc4 gxf4 62. Rh1 Be3 63. Rxh4 Nd5 64. Rh5 Nc3 65. Rg5+ Kf6 66. Rh5 Bc1
67. Rh6+ Kf5 68. Nd6+ Ke5 69. Nc4+ Kd5 70. Nb6+ Kd6 71. Nc8+ Kd7 72. Nb6+ Ke7
73. Rh7+ Kf8 74. Nc4 Ne4 75. Rd7 Nc5 76. Rd8+ Ke7 77. Rb8 Nxb3 78. Rxb4 Nd2+ 79.
Kg4 Nxc4 80. Rxc4 Be3 81. Kf3 Kd6 82. Rc2 Kd5 83. Rc8 Rc6 84. Rd8+ Kc4 0-1

[Event "PRO League KO Stage 2019"]
[Site "chess.com INT"]
[Date "2019.03.19"]
[Round "1"]
[White "Nyzhnyk, Illya"]
[Black "Jacobson, Aaron"]
[Result "1-0"]
[WhiteTitle "GM"]
[BlackTitle "FM"]
[WhiteElo "2638"]
[BlackElo "2318"]
[WhiteTeam "Webster Windmills"]
[BlackTeam "New York Marshalls"]
[WhiteFideId "14118084"]
[BlackFideId "2089912"]
[EventDate "2019.03.19"]

1. d4 Nf6 2. Bg5 c5 3. d5 Ne4 4. Bc1 e6 5. Nf3 exd5 6. Qxd5 Nf6 7. Qe5+ Be7 8.
Qg3 O-O 9. Nc3 d5 10. Bg5 Nc6 11. O-O-O Be6 12. e3 a6 13. h4 Nh5 14. Qh2 f6 15.
Be2 fxg5 16. Nxg5 Bxg5 17. hxg5 Qxg5 18. f4 Rxf4 19. exf4 Qxf4+ 20. Rd2 Qxh2 21.
Rxh2 Nf6 22. Bf3 Rd8 23. Na4 c4 24. Nc5 Bc8 25. Rh1 Ne5 26. Bxd5+ Nxd5 27. Rhd1
c3 28. Rxd5 cxb2+ 29. Kxb2 Re8 30. Rd8 Nc4+ 31. Kc3 1-0

[Event "PRO League KO Stage 2019"]
[Site "chess.com INT"]
[Date "2019.03.19"]
[Round "1"]
[White "Grabinsky, Joshua"]
[Black "Khamrakulov, Djurabek"]
[Result "0-1"]
[WhiteTitle "CM"]
[BlackTitle "GM"]
[WhiteElo "2078"]
[BlackElo "2494"]
[WhiteTeam "Webster Windmills"]
[BlackTeam "New York Marshalls"]
[WhiteFideId "30919754"]
[BlackFideId "14201143"]
[EventDate "2019.03.19"]

1. e4 c6 2. d4 d5 3. Nd2 dxe4 4. Nxe4 Bf5 5. Ng3 Bg6 6. Nf3 Nd7 7. Bd3 e6 8. O-O
Ngf6 9. Re1 Be7 10. Ne5 Qb6 11. Bxg6 hxg6 12. c3 Nxe5 13. dxe5 Nd7 14. Qe2 O-O-O
15. b4 Rh4 16. Be3 Qc7 17. a4 Kb8 18. f4 g5 19. fxg5 Rdh8 20. h3 Nxe5 21. Bxa7+
Kxa7 22. Qxe5 Qb6+ 23. Qe3 Qxe3+ 24. Rxe3 Bxg5 25. Rd3 Rd8 26. Rad1 Rd5 27. Ne2
Rc4 28. Rxd5 cxd5 29. Kf2 Kb6 30. Rd4 Rc8 31. Rd3 Ra8 32. a5+ Kb5 33. Rf3 Bf6
34. Ke3 e5 35. Kd2 b6 36. axb6 Ra2+ 37. Ke1 Kxb6 38. g4 Bh4+ 39. Kd1 f6 40. Rd3
Kc6 41. Rd2 Ra1+ 42. Kc2 Bg5 43. Rd3 Ra2+ 44. Kd1 e4 45. Rg3 Kb5 46. Nd4+ Kc4
47. Ne6 Bd2 48. Nxg7 Bf4 49. Nf5 Bxg3 50. Nxg3 Kd3 51. Ke1 e3 52. Kf1 Ra1+ 53.
Kg2 e2 54. Nxe2 Kxe2 55. h4 Ke3 56. g5 fxg5 57. h5 Kf4 58. b5 Rb1 59. h6 Rxb5
60. h7 Rb2+ 61. Kh3 g4+ 62. Kh4 Rh2# 0-1

[Event "PRO League KO Stage 2019"]
[Site "chess.com INT"]
[Date "2019.03.20"]
[Round "1"]
[White "Robson, Ray"]
[Black "Moranda, Wojciech"]
[Result "1/2-1/2"]
[WhiteTitle "GM"]
[BlackTitle "GM"]
[WhiteElo "2667"]
[BlackElo "2595"]
[WhiteTeam "Webster Windmills"]
[BlackTeam "New York Marshalls"]
[WhiteFideId "2023970"]
[BlackFideId "1122401"]
[EventDate "2019.03.19"]

1. e4 c5 2. Nf3 Nc6 3. d4 cxd4 4. Nxd4 e5 5. Nb5 d6 6. N1c3 a6 7. Na3 Be7 8. Nc4
b5 9. Ne3 Nf6 10. g3 O-O 11. Bg2 b4 12. Ncd5 Nxd5 13. Nxd5 Bg5 14. Bxg5 Qxg5 15.
a3 bxa3 16. Rxa3 Rb8 17. b3 a5 18. O-O Bg4 19. Qd3 Rfc8 20. h3 Be6 21. h4 Qd8
22. c3 Na7 23. Rfa1 Bxd5 24. Rxa5 Bxb3 25. Rxa7 Be6 26. Rd1 Rb6 27. Kh2 h6 28.
Bh3 Qf6 29. Bxe6 Qxf2+ 30. Kh3 fxe6 31. Rf1 Rxc3 32. Rxf2 Rxd3 33. Rff7 Rbb3 34.
Rxg7+ Kf8 35. Raf7+ Ke8 36. Ra7 Kf8 37. Raf7+ Ke8 38. Ra7 Kf8 39. Raf7+ Ke8 40.
Ra7 Kf8 41. Raf7+ Ke8 42. Ra7 Kf8 1/2-1/2

[Event "PRO League KO Stage 2019"]
[Site "chess.com INT"]
[Date "2019.03.20"]
[Round "1"]
[White "Shimanov, Aleksandr"]
[Black "Azarov, Sergei"]
[Result "1/2-1/2"]
[WhiteTitle "GM"]
[BlackTitle "GM"]
[WhiteElo "2613"]
[BlackElo "2585"]
[WhiteTeam "Webster Windmills"]
[BlackTeam "New York Marshalls"]
[WhiteFideId "4198603"]
[BlackFideId "13501470"]
[EventDate "2019.03.19"]

1. d4 Nf6 2. Bg5 d5 3. e3 c5 4. Bxf6 gxf6 5. dxc5 e6 6. Nf3 Bxc5 7. Be2 b6 8. c4
dxc4 9. Qa4+ Nd7 10. O-O O-O 11. Rd1 Qe7 12. Qxc4 Bb7 13. Nc3 Rfd8 14. Qh4 Nf8
15. Ne4 Bxe4 16. Qxe4 f5 17. Qa4 Qf6 18. b4 Bd6 19. b5 Ng6 20. g3 Bc5 21. Rac1
Qb2 22. Kf1 Kg7 23. Rb1 Qf6 24. Rxd8 Rxd8 25. Qxa7 Ne5 26. Nxe5 Qxe5 27. Bh5 Qf6
28. Rd1 Rxd1+ 29. Bxd1 Qa1 30. Qa4 Qb2 31. Bb3 Qb1+ 32. Kg2 Qe4+ 33. Qxe4 fxe4
34. g4 Kf6 35. h4 h6 36. a4 Bb4 37. Kg3 Ke5 38. Bc2 Be7 39. Bb3 f6 40. Kg2 Bb4
41. Kf1 Ba5 42. Ke2 Bb4 43. Bc2 Ba5 44. Kf1 Bb4 45. Kg2 Ba5 46. Kg3 Be1 47. Bd1
Bb4 48. Be2 Be1 49. Bc4 Bb4 50. Bb3 Be1 51. Ba2 Bb4 52. Kg2 Be1 53. Kf1 Bb4 54.
Bb1 Ba5 55. Ke2 Bb4 56. Bc2 Ba5 57. Bb3 Bb4 58. Bd1 Ba5 59. Kf1 Bb4 60. Kg2 Be1
61. Kg1 Bb4 62. Kg2 Ba5 63. f4+ exf3+ 64. Kxf3 Be1 1/2-1/2

[Event "PRO League KO Stage 2019"]
[Site "chess.com INT"]
[Date "2019.03.20"]
[Round "1"]
[White "Khamrakulov, Djurabek"]
[Black "Nyzhnyk, Illya"]
[Result "0-1"]
[WhiteTitle "GM"]
[BlackTitle "GM"]
[WhiteElo "2494"]
[BlackElo "2638"]
[WhiteTeam "New York Marshalls"]
[BlackTeam "Webster Windmills"]
[WhiteFideId "14201143"]
[BlackFideId "14118084"]
[EventDate "2019.03.19"]

1. e4 c6 2. d4 d5 3. f3 Qb6 4. Nc3 e6 5. a3 Nf6 6. e5 Nfd7 7. f4 c5 8. Nf3 Nc6
9. Be3 Be7 10. Be2 O-O 11. Qd2 Qxb2 12. O-O Qb6 13. Na4 Qc7 14. dxc5 f6 15. c4
fxe5 16. cxd5 exf4 17. d6 fxe3 18. Qxe3 Qd8 19. Qxe6+ Kh8 20. dxe7 Qxe7 21. Qxe7
Nxe7 22. Rae1 Nc6 23. Bc4 Nf6 24. Ng5 g6 25. Ne4 Kg7 26. Nd6 Rb8 27. Rb1 Bd7 28.
Rfe1 Ng4 29. Be6 Bxe6 30. Rxe6 Nge5 31. Re1 Nd3 32. R1e3 Nf4 33. R6e4 b6 34.
cxb6 axb6 35. Rc3 b5 36. Nc5 b4 37. axb4 Rxb4 38. Rf3 Nd4 0-1

[Event "PRO League KO Stage 2019"]
[Site "chess.com INT"]
[Date "2019.03.20"]
[Round "1"]
[White "Jacobson, Aaron"]
[Black "Grabinsky, Joshua"]
[Result "1-0"]
[WhiteTitle "FM"]
[BlackTitle "CM"]
[WhiteElo "2318"]
[BlackElo "2078"]
[WhiteTeam "New York Marshalls"]
[BlackTeam "Webster Windmills"]
[WhiteFideId "2089912"]
[BlackFideId "30919754"]
[EventDate "2019.03.19"]

1. e4 e6 2. d4 d5 3. Nd2 a6 4. Ngf3 Nf6 5. e5 Nfd7 6. Bd3 c5 7. c3 Nc6 8. O-O g5
9. Nb3 h6 10. Be2 g4 11. Ne1 h5 12. f3 c4 13. Nd2 g3 14. hxg3 Rg8 15. f4 Rxg3
16. Bxh5 Qh4 17. Be2 Rg8 18. Ndf3 Qh7 19. Ng5 Qg7 20. Bh5 Nd8 21. f5 exf5 22. e6
Nxe6 23. Nxe6 Qg3 24. Bf4 Qh4 25. Nc7+ Kd8 26. Nxa8 Nf6 27. Bc7+ Ke8 28. Rf4 Qg5
29. Qe2+ Ne4 30. Bf3 Bh6 31. Nb6 Be6 32. b3 Qe7 33. Be5 f6 34. Bh5+ Kd8 35. Bb8
Nxc3 36. Qf3 Ne4 37. bxc4 Qb4 38. Nxd5 Qb2 39. Rd1 Rg3 40. Qe2 Qa3 41. Rxe4 fxe4
42. Bxg3 Bxd5 43. cxd5 Be3+ 44. Kh2 Kd7 45. Qg4+ Ke7 46. Qe6+ Kd8 47. Qd6+ Qxd6
48. Bxd6 Bf2 49. Nc2 e3 50. Bf4 e2 51. Bxe2 Kd7 52. Bg4+ Kd8 53. Rd2 Bh4 54. Kh3
Bg5 55. Bxg5 fxg5 56. Kg3 b5 57. Kf3 a5 58. Ke4 b4 59. Kf5 a4 60. Nxb4 Kd7 61.
Kxg5+ Kd6 62. Kf4 a3 63. Ke4 Kc7 64. Rd3 Kd6 65. Rxa3 Kc7 66. Rc3+ Kb6 67. Rc5
Ka7 68. Ke3 Kb6 69. Kf3 1-0

[Event "PRO League KO Stage 2019"]
[Site "chess.com INT"]
[Date "2019.03.20"]
[Round "1"]
[White "Mitkov, Nikola"]
[Black "Smirnov, Anton"]
[Result "1-0"]
[WhiteTitle "GM"]
[BlackTitle "GM"]
[WhiteElo "2481"]
[BlackElo "2567"]
[WhiteTeam "Minnesota Blizzard"]
[BlackTeam "Australia Kangaroos"]
[WhiteFideId "15000290"]
[BlackFideId "3208923"]
[EventDate "2019.03.19"]

1. e4 c5 2. Nc3 d6 3. f4 Nc6 4. Nf3 g6 5. d4 cxd4 6. Nxd4 Bg7 7. Be3 Nf6 8. Be2
O-O 9. O-O Ng4 10. Bxg4 Bxd4 11. Bxd4 Bxg4 12. Qd2 Nxd4 13. Qxd4 Bd7 14. Rad1
Bc6 15. h4 Qb6 16. Qxb6 axb6 17. a3 Ra5 18. Rf2 Rc8 19. Rd4 Rh5 20. g3 Rc5 21.
Rfd2 f5 22. exf5 Rxf5 23. Rb4 b5 24. Nd1 Rcf8 25. Ne3 R5f7 26. c3 Kg7 27. Kf2 h6
28. Ke2 e5 29. Rxd6 exf4 30. gxf4 Rxf4 31. Rxf4 Rxf4 32. Rd4 Rf7 33. Nc2 g5 34.
hxg5 hxg5 35. Rb4 Kg6 36. Nd4 Kh5 37. Nxb5 g4 38. Nd6 1-0

[Event "PRO League KO Stage 2019"]
[Site "chess.com INT"]
[Date "2019.03.20"]
[Round "1"]
[White "Beerdsen, Thomas"]
[Black "Illingworth, Max"]
[Result "1/2-1/2"]
[WhiteTitle "IM"]
[BlackTitle "GM"]
[WhiteElo "2476"]
[BlackElo "2493"]
[WhiteTeam "Minnesota Blizzard"]
[BlackTeam "Australia Kangaroos"]
[WhiteFideId "1030108"]
[BlackFideId "3205207"]
[EventDate "2019.03.19"]

1. e4 c6 2. Nc3 d5 3. Qe2 d4 4. Nd1 e5 5. d3 c5 6. g3 Nc6 7. f4 Bd6 8. Nf3 Nge7
9. f5 g6 10. g4 h5 11. Nf2 hxg4 12. Nxg4 gxf5 13. Nf6+ Kf8 14. Bg5 Qa5+ 15. Nd2
f4 16. h4 Nd8 17. h5 Ne6 18. Qg2 b5 19. Rg1 Ba6 20. Qg4 c4 21. Bh3 c3 22. bxc3
Qxc3 23. Rd1 Qxc2 24. Nb3 Bb4+ 25. Kf1 Qxa2 26. Ra1 Qxb3 27. Rxa6 Qxd3+ 28. Kg2
Nxg5 29. Nd7+ Ke8 30. Nf6+ Kf8 31. Nd7+ Ke8 32. Nf6+ Kf8 33. Nd7+ Ke8 1/2-1/2

[Event "PRO League KO Stage 2019"]
[Site "chess.com INT"]
[Date "2019.03.20"]
[Round "1"]
[White "Fernandez, Daniel Howard"]
[Black "Tang, Andrew"]
[Result "0-1"]
[WhiteTitle "GM"]
[BlackTitle "GM"]
[WhiteElo "2471"]
[BlackElo "2490"]
[WhiteTeam "Australia Kangaroos"]
[BlackTeam "Minnesota Blizzard"]
[WhiteFideId "5801605"]
[BlackFideId "2059630"]
[EventDate "2019.03.19"]

1. Nf3 d5 2. d4 Nf6 3. Bf4 e6 4. c3 c5 5. e3 Bd6 6. Bb5+ Nc6 7. O-O Bxf4 8. exf4
Qb6 9. Bxc6+ bxc6 10. Qb3 O-O 11. Ne5 cxd4 12. Qxb6 axb6 13. Nxc6 dxc3 14. Nxc3
Bd7 15. Ne5 Rfc8 16. Rfc1 Be8 17. f3 Kf8 18. Kf2 d4 19. Ne2 Rxc1 20. Nxc1 Nd5
21. g3 Rc8 22. Nb3 f6 23. Nd3 Bg6 24. Rc1 Rxc1 25. Nbxc1 Ke7 26. a4 Kd6 27. b4
Kc6 28. Ke1 Nc3 29. a5 bxa5 30. bxa5 Kb5 31. a6 Kxa6 32. Nc5+ Kb5 33. Nxe6 Kc4
34. Nxg7 d3 35. f5 Bf7 36. Ne6 Nb1 37. Kd1 Be8 38. Nxd3 Kxd3 39. Nf8 Nc3+ 40.
Ke1 h6 41. Kf2 Nd1+ 42. Ke1 Ne3 43. g4 Nd5 44. Kf2 Kd4 45. Kg3 Ke5 46. Ng6+ Bxg6
47. fxg6 Ne7 48. f4+ Kd6 49. f5 Kd7 50. Kf4 Ke8 51. Ke4 Kf8 52. Kd4 Kg7 53. h3
h5 54. Ke4 Kh6 55. Kf4 Nc6 56. Kg3 hxg4 57. hxg4 Kg5 58. Kh3 Ne7 59. Kg3 Ng8 60.
Kf3 Nh6 61. g7 Ng8 62. Kg3 Nh6 63. Kh3 Ng8 64. Kg3 Ne7 65. Kh3 Kh6 66. Kh4 Ng8 0-1

[Event "PRO League KO Stage 2019"]
[Site "chess.com INT"]
[Date "2019.03.20"]
[Round "1"]
[White "Song, Raymond"]
[Black "Corrales Jimenez, Fidel"]
[Result "0-1"]
[WhiteTitle "FM"]
[BlackTitle "GM"]
[WhiteElo "2329"]
[BlackElo "2563"]
[WhiteTeam "Australia Kangaroos"]
[BlackTeam "Minnesota Blizzard"]
[WhiteFideId "3203824"]
[BlackFideId "3506690"]
[EventDate "2019.03.19"]

1. Nf3 c5 2. c4 Nc6 3. Nc3 g6 4. e3 d6 5. d4 Bd7 6. Be2 Bg7 7. O-O Nf6 8. d5 Na5
9. Qc2 a6 10. e4 Rb8 11. e5 dxe5 12. Nxe5 O-O 13. Bf4 Bf5 14. Qd2 b5 15. cxb5
axb5 16. Bxb5 Ne4 17. Nxe4 Bxe4 18. a4 Nb3 19. Qe3 Bxd5 20. Rad1 Nd4 21. b4 f6
22. Nd3 e5 23. Nxc5 Nxb5 24. axb5 exf4 25. Qxf4 Re8 26. Rd3 Re5 27. Rfd1 Qe8 28.
h4 g5 29. Qg3 Bc4 30. Rd7 Bxb5 31. Ra7 Re1+ 32. Rxe1 Qxe1+ 33. Kh2 Qe5 34. Qxe5
fxe5 35. Ne6 Bf8 36. hxg5 Bxb4 37. Rg7+ Kh8 38. g6 hxg6 39. Rxg6 Bd3 40. Rh6+
Kg8 41. Rh5 Kf7 42. Ng5+ Kg6 43. g4 Bd2 44. Nf3 Bf4+ 45. Kh3 e4 46. Nh4+ Kf7 47.
Rf5+ Ke6 48. Rxf4 Rb1 49. Rf8 Ke5 50. Ng6+ Kd4 51. Rd8+ Kc3 52. Ne5 Kd2 53. g5
Ke2 54. g6 Rg1 55. Kh4 Kxf2 56. Ng4+ Kf3 57. Ne5+ Ke3 58. Kh5 Bc2 59. Kh6 Kf4
60. Nc6 e3 61. g7 Rh1# 0-1

[Event "PRO League KO Stage 2019"]
[Site "chess.com INT"]
[Date "2019.03.20"]
[Round "1"]
[White "Illingworth, Max"]
[Black "Mitkov, Nikola"]
[Result "1/2-1/2"]
[WhiteTitle "GM"]
[BlackTitle "GM"]
[WhiteElo "2493"]
[BlackElo "2481"]
[WhiteTeam "Australia Kangaroos"]
[BlackTeam "Minnesota Blizzard"]
[WhiteFideId "3205207"]
[BlackFideId "15000290"]
[EventDate "2019.03.19"]

1. Nf3 d5 2. c4 e6 3. b3 Nf6 4. Bb2 b6 5. g3 Bb7 6. Bg2 Nbd7 7. O-O a5 8. Nc3
Be7 9. Qc2 O-O 10. Rfd1 h6 11. e3 Nc5 12. d3 Qc8 13. Rac1 dxc4 14. bxc4 Rd8 15.
Nb5 Nfd7 16. h4 Bf6 17. d4 Be4 18. Qe2 Na6 19. Bh3 Qb7 20. Nd2 Bc6 21. e4 Nf8
22. e5 Be7 23. a3 Rd7 24. Re1 Rad8 25. Qg4 Nc5 26. Re3 Qa8 27. Rce1 a4 28. Bc3
Nb3 29. Nf3 Bxb5 30. cxb5 Qd5 31. Qh5 Qxb5 32. Re4 Qc6 33. Bb2 Ng6 34. Bg2 Qc2
35. R1e2 Qb1+ 36. Kh2 c5 37. dxc5 Nxc5 38. Rb4 Qd3 39. Bf1 Qd1 40. Re1 Qc2 41.
Re2 Qd1 42. Re1 Qc2 43. Re2 Qd1 44. Re1 1/2-1/2

[Event "PRO League KO Stage 2019"]
[Site "chess.com INT"]
[Date "2019.03.20"]
[Round "1"]
[White "Corrales Jimenez, Fidel"]
[Black "Fernandez, Daniel Howard"]
[Result "0-1"]
[WhiteTitle "GM"]
[BlackTitle "GM"]
[WhiteElo "2563"]
[BlackElo "2471"]
[WhiteTeam "Minnesota Blizzard"]
[BlackTeam "Australia Kangaroos"]
[WhiteFideId "3506690"]
[BlackFideId "5801605"]
[EventDate "2019.03.19"]

1. e4 c5 2. Nf3 d6 3. d4 Nf6 4. dxc5 Nxe4 5. c6 Nxc6 6. Bd3 Nc5 7. Be2 d5 8. O-O
e5 9. b4 Ne6 10. b5 Ncd4 11. Nxe5 Nxe2+ 12. Qxe2 Be7 13. a4 O-O 14. Ba3 a6 15.
Rd1 Re8 16. Bxe7 Qxe7 17. Nf3 Ng5 18. Qxe7 Nxf3+ 19. gxf3 Rxe7 20. Nc3 Bf5 21.
Nxd5 Re5 22. c4 Bh3 23. f4 Re6 24. Ra3 Bg4 25. f3 Bh3 26. Kf2 Rc8 27. Re3 Kf8
28. Rxe6 Bxe6 29. Nb6 Rc7 30. Rd4 g6 31. Ke3 Ke7 32. Kd3 axb5 33. axb5 Rc5 34.
Re4 Rh5 35. Re2 Rh3 36. Rf2 Rh4 37. Ke3 Kd6 38. Rc2 Kc5 39. Nd5 Bf5 40. Rb2 Kxc4
41. Nf6 b6 42. Ne8 Kc5 43. Nc7 h6 44. Rd2 Rh3 45. Rd5+ Kb4 46. Rd4+ Ka5 47. Rd2
Bc8 48. Ra2+ Kb4 49. Nd5+ Kxb5 50. Rb2+ Kc5 51. Nxb6 Be6 52. Na4+ Kd6 53. Nc3
Rh5 54. Ne4+ Ke7 55. Rb7+ Kf8 56. Rb2 Ra5 57. Kf2 Ra3 58. h4 Bd5 59. Rd2 Bxe4
60. fxe4 Rh3 61. Rd1 h5 62. Rd7 Rxh4 63. Kg3 Rh1 64. Ra7 Rg1+ 65. Kf3 h4 66. e5
Rg3+ 67. Kf2 Rb3 68. Ra1 Ke7 69. Rh1 h3 70. Rd1 Ke6 71. Rd6+ Kf5 72. Rf6+ Kg4
73. e6 Rb2+ 74. Ke3 fxe6 75. Rxg6+ Kh5 76. Rxe6 h2 77. Re8 Rb6 78. Rh8+ Rh6 79.
Rg8 h1=Q 80. Rg5+ Kh4 0-1